000
00329 a2200157 4500
001
161452
020
_a
040
_c
Magnum
100
_a
Forjaz, Sonia Salerno
240
1
0
_a
Meu destino sou eu
_l
por
245
1
0
_a
Meu destino sou eu
362
0
_a
1899
440
1
_a
FTD
697
_a
J/SOCIEDADE, COTIDIANO
942
_c
BK
999
_c
161452
_d
161452